[Event "Lliga Catalana eq. DH"]
[Site "?"]
[Date "2014.02.01"]
[Round "2.10"]
[White "Clopes Llahi, J."]
[Black "Diaz Camallonga, C."]
[Result "0-1"]
[WhiteElo "2227"]
[BlackElo "2314"]
[PlyCount "170"]
[EventDate "2014.??.??"]
[EventType "team"]
[EventCountry "ESP"]

1. e4 e6 2. d4 d5 3. Nd2 c5 4. exd5 Qxd5 5. Ngf3 cxd4 6. Bc4 Qd6 7. O-O Nf6 8.
Nb3 Nc6 9. Nbxd4 Nxd4 10. Qxd4 Qxd4 11. Nxd4 Bd7 12. Be2 Bc5 13. Nb3 Bb6 14.
Bf4 Rc8 15. c4 Bc6 16. a4 a6 17. a5 Ba7 18. Be5 O-O 19. Bd4 Bb8 20. Nc5 Rfd8
21. Be3 Be5 22. Rab1 Ne4 23. b4 Nc3 24. Rbe1 Nxe2+ 25. Rxe2 Bc3 26. Bg5 Rd4 27.
Be3 Rdd8 28. Bg5 f6 29. Be3 e5 30. h3 Bxb4 31. Rb1 Bxa5 32. Nxb7 Bxb7 33. Rxb7
Rxc4 34. Ra2 Rc7 35. Rxc7 Bxc7 36. Rxa6 h5 37. g3 Kh7 38. Kg2 f5 39. Ra7 Rc8
40. Ra4 Bd6 41. Ra5 Rc6 42. h4 Kg6 43. Ra7 Bc7 44. Ra4 Kf7 45. Kf3 Ke6 46. Rb4
g6 47. Kg2 Bd6 48. Ra4 Kd5 49. Ra5+ Ke4 50. Ra4+ Kd3 51. Kf3 Be7 52. Ra7 Bb4
53. Rb7 Bc3 54. Rd7+ Bd4 55. Rb7 Rd6 56. Rb3+ Kc4 57. Ra3 Rb6 58. Ra4+ Kb3 59.
Ra5 Kb4 60. Ra8 Rc6 61. Rd8 Kc4 62. Ra8 Rd6 63. Ra4+ Kd5 64. Ra5+ Ke6 65. Ra3
Bxe3 66. Rxe3 Rd4 67. Ra3 f4 68. g4 hxg4+ 69. Kxg4 Rd1 70. Ra6+ Kf7 71. Ra7+
Kf6 72. Ra6+ Kg7 73. Ra7+ Kh6 74. Re7 Re1 75. Re6 Kg7 76. h5 gxh5+ 77. Kxh5 Kf7
78. Ra6 Rg1 79. Kh4 Rg2 80. Ra2 Kf6 81. Kh3 f3 82. Ra8 Kf5 83. Ra2 Kf4 84. Rb2
e4 85. Ra2 Rxf2 0-1

[Event "Lliga Catalana eq. DH"]
[Site "?"]
[Date "2014.02.01"]
[Round "2.10"]
[White "Gorgues Mateu, D."]
[Black "Moya Arau, C."]
[Result "0-1"]
[WhiteElo "1865"]
[BlackElo "2134"]
[PlyCount "64"]
[EventDate "2014.??.??"]
[EventType "team"]
[EventCountry "ESP"]

1. e4 c5 2. Nf3 a6 3. b3 d6 4. Bb2 Nc6 5. Be2 e5 6. h3 g6 7. d3 Bg7 8. O-O Nge7
9. c4 O-O 10. Nc3 f5 11. Nd5 h6 12. Bc3 f4 13. Kh2 g5 14. g4 Nxd5 15. cxd5 Nb8
16. Ne1 Nd7 17. f3 h5 18. Rh1 Rf6 19. Nc2 Rh6 20. Kg2 Kf7 21. a4 b6 22. Na3 Nf6
23. Nc4 a5 24. Qc2 Bf8 25. Qb2 Ke8 26. Qd2 Ra7 27. Raf1 Rah7 28. Qd1 Nd7 29.
Qe1 Qf6 30. Qd1 Qh8 31. Qe1 hxg4 32. hxg4 Rh2+ 0-1

[Event "Lliga Catalana eq. DH"]
[Site "?"]
[Date "2014.02.01"]
[Round "2.10"]
[White "Llobet Reus, P."]
[Black "Vallverdu Miret, O."]
[Result "0-1"]
[WhiteElo "2285"]
[BlackElo "2193"]
[PlyCount "108"]
[EventDate "2014.??.??"]
[EventType "team"]
[EventCountry "ESP"]

1. e4 d5 2. exd5 Qxd5 3. Nc3 Qa5 4. d4 Nf6 5. Nf3 Bf5 6. Bc4 e6 7. O-O c6 8.
Bf4 Bb4 9. Ne2 Ne4 10. a3 Bd6 11. Bxd6 Nxd6 12. b4 Qc7 13. Bb3 a5 14. Ng3 axb4
15. axb4 Rxa1 16. Qxa1 O-O 17. Nh4 Bg6 18. f4 Nd7 19. Nf3 Ne4 20. Nxe4 Bxe4 21.
Ne5 Bd5 22. c4 Be4 23. Qe1 Bf5 24. g4 Nxe5 25. gxf5 Ng4 26. fxe6 Qd6 27. exf7+
Kh8 28. Qc3 Qg6 29. Qg3 Qf5 30. c5 h6 31. Re1 Nf6 32. Be6 Qh5 33. f5 Rxf7 34.
Bxf7 Qxf7 35. Re6 Qh5 36. Qf4 Qd1+ 37. Kg2 Qc2+ 38. Kf1 Qd1+ 39. Re1 Qd3+ 40.
Kg1 Kh7 41. Kh1 Qc4 42. Rg1 Qd5+ 43. Rg2 Ne4 44. Qe5 Nf2+ 45. Kg1 Nh3+ 46. Kf1
Qf3+ 47. Ke1 Qxg2 48. b5 Qf2+ 49. Kd1 Qf1+ 50. Kc2 Qc4+ 51. Kd2 Ng5 52. Ke3
Qc3+ 53. Ke2 Qf3+ 54. Ke1 Ne4 0-1

[Event "Lliga Catalana eq. DH"]
[Site "?"]
[Date "2014.02.01"]
[Round "2.10"]
[White "Lopez Santana, O."]
[Black "Sole Bove, J."]
[Result "0-1"]
[WhiteElo "2279"]
[BlackElo "1905"]
[PlyCount "118"]
[EventDate "2014.??.??"]
[EventType "team"]
[EventCountry "ESP"]

1. e4 c5 2. Nf3 d6 3. d4 cxd4 4. Qxd4 Nc6 5. Bb5 Bd7 6. Bxc6 Bxc6 7. Nc3 Nf6 8.
Bg5 Qb6 9. Bxf6 gxf6 10. Qxb6 axb6 11. Nd4 h5 12. O-O Bh6 13. a4 e6 14. b3 Ke7
15. Rad1 Bf4 16. Nce2 Be5 17. f4 Bxd4+ 18. Rxd4 b5 19. axb5 Bxb5 20. Re1 Bc6
21. Nc3 Ra5 22. b4 Ra3 23. Rd3 Rha8 24. Kf2 Ra1 25. Re2 b5 26. Nd5+ Bxd5 27.
exd5 Rc8 28. Rh3 Rc1 29. dxe6 fxe6 30. Rxh5 e5 31. Rh7+ Ke6 32. fxe5 fxe5 33.
Rb7 Rf8+ 34. Ke3 Rf4 35. Rxb5 Rd1 36. g3 Rc4 37. Rd2 Re1+ 38. Kf2 Rce4 39. Rb6
Rh1 40. Kg2 Ree1 41. Rbxd6+ Ke7 42. b5 Rhg1+ 43. Kf3 e4+ 44. Kf4 e3 45. R2d3
Rgf1+ 46. Ke5 e2 47. Rd7+ Ke8 48. Rd8+ Kf7 49. Re3 Rd1 50. Rxe2 Rxd8 51. Rg2
Re1+ 52. Kf4 Rf1+ 53. Ke3 Re1+ 54. Kf2 Rb1 55. Ke3 Rxb5 56. h4 Rc8 57. Kd3 Rd5+
58. Ke4 Rdc5 59. Kd3 Rc3+ 0-1

[Event "Lliga Catalana eq. DH"]
[Site "?"]
[Date "2014.02.01"]
[Round "2.10"]
[White "Orteu Capdevila, M."]
[Black "Valencia Jimenez, J."]
[Result "1/2-1/2"]
[WhiteElo "2035"]
[BlackElo "2221"]
[PlyCount "49"]
[EventDate "2014.??.??"]
[EventType "team"]
[EventCountry "ESP"]

1. e4 c5 2. Nf3 Nc6 3. d4 cxd4 4. Nxd4 g6 5. c4 Bg7 6. Be3 Nf6 7. Nc3 O-O 8.
Be2 d6 9. O-O Bd7 10. Qd2 Nxd4 11. Bxd4 Bc6 12. f3 a5 13. b3 Nd7 14. Be3 Nc5
15. Rab1 Qb6 16. Rfc1 Rfc8 17. Nd5 Bxd5 18. cxd5 Qb4 19. Rc4 Qxd2 20. Bxd2 b5
21. Rc2 b4 22. Rbc1 Rcb8 23. Be3 Bc3 24. Bxc5 dxc5 25. a4 1/2-1/2

[Event "Lliga Catalana eq. DH"]
[Site "?"]
[Date "2014.02.01"]
[Round "2.10"]
[White "Ribes Cabrera, JL."]
[Black "Gonzalez Hernandez, F."]
[Result "0-1"]
[WhiteElo "2050"]
[BlackElo "2266"]
[PlyCount "80"]
[EventDate "2014.??.??"]
[EventType "team"]
[EventCountry "ESP"]

1. b3 e5 2. Bb2 Nc6 3. e3 Nf6 4. Bb5 Bd6 5. Na3 a6 6. Bxc6 dxc6 7. Nc4 Qe7 8.
Nxd6+ cxd6 9. Qe2 Bg4 10. f3 Be6 11. e4 c5 12. c4 O-O 13. Qe3 Nh5 14. Ne2 f5
15. O-O-O f4 16. Qc3 b5 17. d3 a5 18. cxb5 a4 19. Kd2 axb3 20. axb3 Rab8 21.
Qa5 Ra8 22. Qc3 Rfb8 23. Ra1 Rxa1 24. Rxa1 Rxb5 25. Ra8+ Kf7 26. Ra3 Rb7 27.
Kc2 Qg5 28. g3 fxg3 29. Bc1 Qf6 30. Nxg3 Nxg3 31. hxg3 Qxf3 32. Qe1 h6 33. Bd2
g5 34. b4 Rc7 35. Kb2 Qg2 36. Ka1 cxb4 37. Bxb4 Rc2 38. Ra7+ Kf6 39. Qb1 Qf2
40. Ra3 Qd4+ 0-1

[Event "Lliga Catalana eq. DH"]
[Site "?"]
[Date "2014.02.01"]
[Round "2.10"]
[White "Rivas Garcia, V."]
[Black "Colls Gelaberto, E."]
[Result "1-0"]
[WhiteElo "2331"]
[BlackElo "2270"]
[PlyCount "131"]
[EventDate "2014.??.??"]
[EventType "team"]
[EventCountry "ESP"]

1. e4 c6 2. d4 d5 3. e5 Bf5 4. Nc3 e6 5. g4 Bg6 6. Nge2 c5 7. h4 f6 8. Nf4 Bf7
9. exf6 Nxf6 10. Bb5+ Nc6 11. Qe2 cxd4 12. Nxe6 Bxe6 13. Qxe6+ Qe7 14. Qxe7+
Bxe7 15. Ne2 Nxg4 16. Nxd4 Rc8 17. Rg1 h5 18. f3 Nge5 19. Rxg7 Bxh4+ 20. Ke2
Nf7 21. Nf5 Bd8 22. Be3 Bb6 23. Bxb6 axb6 24. c3 Kf8 25. Rag1 Re8+ 26. Kf2 Re5
27. Nh4 Ne7 28. Bd3 Re6 29. Bb1 Rf6 30. R7g2 Nd6 31. Ng6+ Nxg6 32. Rxg6 Rh6 33.
Rxf6+ Rxf6 34. Rg5 Ne4+ 35. Bxe4 dxe4 36. Rxh5 Rxf3+ 37. Ke2 Ke7 38. Rb5 Kf6
39. Rxb6+ Ke5 40. Rxb7 Rh3 41. Re7+ Kd5 42. Rf7 Ke5 43. Rf8 Rh1 44. a4 Ra1 45.
Ke3 Re1+ 46. Kd2 Ra1 47. b3 Rb1 48. b4 Rh1 49. Rf2 Rh3 50. Re2 Rd3+ 51. Kc2 Kf4
52. a5 Kf3 53. Re1 Rd8 54. b5 e3 55. a6 Ra8 56. Kd3 Rd8+ 57. Kc4 Ra8 58. Kc5
Kf2 59. Ra1 e2 60. Kc6 Rc8+ 61. Kb7 Rc5 62. c4 Rxc4 63. a7 Ra4 64. Rxa4 e1=Q
65. a8=Q Qe7+ 66. Ka6 1-0

[Event "Lliga Catalana eq. DH"]
[Site "?"]
[Date "2014.02.08"]
[Round "3.1"]
[White "Alsina Leal, D."]
[Black "Vidarte Morales, A."]
[Result "1-0"]
[WhiteElo "2545"]
[BlackElo "2408"]
[PlyCount "101"]
[EventDate "2014.??.??"]
[EventType "team"]
[EventCountry "ESP"]

1. e4 c5 2. Nf3 e6 3. d4 cxd4 4. Nxd4 Nc6 5. Nc3 Qc7 6. f4 a6 7. Be3 b5 8. Bd3
Bb7 9. Nb3 d6 10. O-O Nf6 11. a4 b4 12. Nb1 Be7 13. N1d2 e5 14. Nc4 exf4 15.
Bxf4 Ne5 16. Ne3 g6 17. Bh6 Nxe4 18. Bxe4 Bxe4 19. Nd5 Qxc2 20. Qxc2 Bxc2 21.
Nc7+ Kd7 22. Nxa8 Rxa8 23. Nd4 Be4 24. Nf3 f5 25. Rad1 Bf6 26. Nxe5+ Bxe5 27.
Bf4 Bxf4 28. Rxf4 Rc8 29. a5 Ke6 30. Rf2 Ke5 31. Rfd2 d5 32. Rd4 Rc4 33. Rxc4
dxc4 34. Rd8 Bc6 35. Kf2 c3 36. bxc3 b3 37. Rd4 Be4 38. Rb4 Bc2 39. Ke3 f4+ 40.
Kd2 g5 41. Rb6 h5 42. Rxa6 Be4 43. Rb6 Bxg2 44. Rxb3 g4 45. Rb5+ Ke4 46. Rxh5
Kf3 47. a6 g3 48. hxg3 fxg3 49. Rf5+ Kg4 50. Rf8 Bd5 51. Ke3 1-0

[Event "Lliga Catalana eq. DH"]
[Site "?"]
[Date "2014.02.08"]
[Round "3.1"]
[White "Cruz Sanchez, JE."]
[Black "Peralta, F."]
[Result "1-0"]
[WhiteElo "2541"]
[BlackElo "2591"]
[PlyCount "109"]
[EventDate "2014.??.??"]
[EventType "team"]
[EventCountry "ESP"]

1. e4 d6 2. Nf3 Nf6 3. d3 g6 4. g3 Bg7 5. Bg2 O-O 6. O-O c5 7. Re1 Nc6 8. c3
Bg4 9. h3 Bxf3 10. Qxf3 Rb8 11. a4 a6 12. Qe2 Nd7 13. f4 Qc7 14. Be3 b5 15.
axb5 axb5 16. Qf2 b4 17. Rc1 bxc3 18. bxc3 Na5 19. Ra4 Nb3 20. Rc2 Na5 21. Nd2
Rb5 22. Raa2 Rfb8 23. d4 Nb3 24. Nc4 Na5 25. Na3 Rb3 26. e5 dxe5 27. dxe5 Nb6
28. c4 Qd8 29. Bxc5 Na4 30. Ba7 Nc3 31. Rxc3 Rxc3 32. Bxb8 Qxb8 33. Nb5 Rc1+
34. Kh2 Qd8 35. c5 Bf8 36. Rc2 Qd1 37. Rxc1 Qxc1 38. Qa2 Nc4 39. c6 Ne3 40. c7
h5 41. Qa8 h4 42. c8=Q hxg3+ 43. Kxg3 Nf5+ 44. Qxf5 gxf5 45. Qf3 e6 46. Nd4 Bc5
47. Ne2 Qe1+ 48. Kh2 Kf8 49. Qf1 Qb4 50. Qc1 Kg7 51. Qc3 Qxc3 52. Nxc3 f6 53.
Ne2 Ba3 54. Nd4 Kf7 55. Nf3 1-0

[Event "Lliga Catalana eq. DH"]
[Site "?"]
[Date "2014.02.08"]
[Round "3.1"]
[White "De la Riva Aguado, O."]
[Black "Baches Garcia, G."]
[Result "1/2-1/2"]
[WhiteElo "2526"]
[BlackElo "2381"]
[PlyCount "35"]
[EventDate "2014.??.??"]
[EventType "team"]
[EventCountry "ESP"]

1. e4 e5 2. Nf3 Nf6 3. Nc3 d6 4. d4 exd4 5. Nxd4 Be7 6. g3 d5 7. e5 Ng4 8. e6
Nf6 9. exf7+ Kxf7 10. Bg2 Re8 11. O-O Kg8 12. Nce2 c5 13. Nf3 Nc6 14. Nf4 Bf8
15. c3 Qd6 16. Nd3 Bf5 17. Bf4 Qd8 18. Be3 1/2-1/2

[Event "Lliga Catalana eq. DH"]
[Site "?"]
[Date "2014.02.08"]
[Round "3.1"]
[White "Jerez Perez, A."]
[Black "Cordova Daza, E."]
[Result "0-1"]
[WhiteElo "2370"]
[BlackElo "2611"]
[PlyCount "118"]
[EventDate "2014.??.??"]
[EventType "team"]
[EventCountry "ESP"]

1. e4 e6 2. d4 d5 3. Nc3 Nf6 4. Bg5 Bb4 5. e5 h6 6. Bd2 Bxc3 7. bxc3 Ne4 8. Qg4
g6 9. Bd3 Nxd2 10. Kxd2 c5 11. Nf3 Qe7 12. Qf4 Bd7 13. Qf6 Rf8 14. Qxe7+ Kxe7
15. Rhb1 c4 16. Be2 Bc6 17. h4 Nd7 18. h5 g5 19. Nh2 f5 20. g4 f4 21. Nf3 Nb6
22. Bd1 Na4 23. Ng1 b5 24. f3 Rfb8 25. Ne2 Rb6 26. Nc1 Ra6 27. Ne2 Nb6 28. a3
Ra5 29. Kc1 Be8 30. Kd2 Kd8 31. Ra2 Kc7 32. Nc1 Nc8 33. Be2 Ne7 34. Bf1 Nc6 35.
Ne2 Rb8 36. Rba1 Ra4 37. Ke1 Bf7 38. Bg2 Bg8 39. Bf1 Bh7 40. Bg2 Ra6 41. Kd2
Rab6 42. Rb2 a5 43. Bf1 R8b7 44. Rc1 b4 45. axb4 axb4 46. cxb4 Nxb4 47. Nc3 Nc6
48. Rxb6 Rxb6 49. Na4 Nxd4 50. Nxb6 Nxf3+ 51. Kc3 Kxb6 52. Bg2 Nh4 53. Rb1+ Kc5
54. Rb7 d4+ 55. Kd2 c3+ 56. Kc1 Nxg2 57. Rxh7 f3 58. Rf7 Nf4 59. Kd1 f2 0-1

[Event "Lliga Catalana eq. DH"]
[Site "?"]
[Date "2014.02.08"]
[Round "3.1"]
[White "Lacasa Diaz, JA."]
[Black "Movsziszian, K."]
[Result "0-1"]
[WhiteElo "2457"]
[BlackElo "2554"]
[PlyCount "60"]
[EventDate "2014.??.??"]
[EventType "team"]
[EventCountry "ESP"]

1. e4 g6 2. d4 Bg7 3. Nc3 d6 4. Be3 c6 5. f4 b5 6. Bd3 Nf6 7. Nf3 O-O 8. Qd2 a5
9. h3 Bb7 10. e5 b4 11. Ne4 Nd5 12. O-O Nxe3 13. Qxe3 Na6 14. e6 f5 15. Neg5 c5
16. Qf2 Bxf3 17. Nxf3 cxd4 18. Ng5 Nc5 19. Qh4 h6 20. Nf7 Rxf7 21. exf7+ Kxf7
22. g4 e6 23. Qg3 d5 24. gxf5 gxf5 25. a3 b3 26. cxb3 Ne4 27. Qf3 Qh4 28. Rac1
Be5 29. Kh2 Rg8 30. Be2 Ke7 0-1

[Event "Lliga Catalana eq. DH"]
[Site "?"]
[Date "2014.02.08"]
[Round "3.1"]
[White "Montell Lorenzo, JC."]
[Black "Mareco, S."]
[Result "0-1"]
[WhiteElo "2344"]
[BlackElo "2581"]
[PlyCount "60"]
[EventDate "2014.??.??"]
[EventType "team"]
[EventCountry "ESP"]

1. e4 c5 2. Nf3 d6 3. d4 cxd4 4. Nxd4 Nf6 5. Nc3 a6 6. Bg5 Nbd7 7. Be2 e6 8.
O-O Be7 9. Qd2 Qc7 10. Rad1 O-O 11. Qe3 b5 12. a3 Bb7 13. Kh1 Rfe8 14. f4 Nb6
15. f5 e5 16. Nb3 Rac8 17. Bxf6 Bxf6 18. Bxb5 axb5 19. Nxb5 Nc4 20. Nxc7 Nxe3
21. Nxe8 Rxe8 22. Nd2 d5 23. Kg1 dxe4 24. Rde1 Nxf1 25. Kxf1 e3 26. Rxe3 e4 27.
Ke1 Bg5 28. Rb3 e3 29. Nf3 Bxf3 30. gxf3 e2 0-1

[Event "Lliga Catalana eq. DH"]
[Site "?"]
[Date "2014.02.08"]
[Round "3.1"]
[White "Narciso Dublan, M."]
[Black "Cuartas Medina, JA."]
[Result "1/2-1/2"]
[WhiteElo "2544"]
[BlackElo "2537"]
[PlyCount "164"]
[EventDate "2014.??.??"]
[EventType "team"]
[EventCountry "ESP"]

1. c4 e5 2. Nc3 Nf6 3. Nf3 Nc6 4. d3 Bb4 5. Bd2 O-O 6. g3 Re8 7. Bg2 d6 8. O-O
h6 9. a3 Bxc3 10. Bxc3 Be6 11. h3 e4 12. Nd2 exd3 13. exd3 Ne5 14. Nf3 Bf5 15.
Nxe5 dxe5 16. Bxb7 Bxh3 17. Re1 Rb8 18. Bc6 Re6 19. Bh1 Qd6 20. d4 exd4 21.
Qxd4 Qxd4 22. Bxd4 a5 23. Bc3 a4 24. Rad1 Rxe1+ 25. Rxe1 Be6 26. Bc6 Bd7 27.
Bxd7 Nxd7 28. Re7 Rd8 29. Ba5 Kf8 30. Re4 Nf6 31. Re5 Rd1+ 32. Kg2 Nd7 33. Bb4+
Kg8 34. Ra5 Rb1 35. Bc3 Nf6 36. Bxf6 gxf6 37. Rb5 Rc1 38. Rb4 Rc2 39. Kf3 Kg7
40. Ke3 c5 41. Rxa4 Rxb2 42. Ra5 Rc2 43. Rxc5 Rc3+ 44. Kd4 Rxa3 45. Rf5 Ra6 46.
f3 Kf8 47. g4 Ke7 48. Kd5 Rd6+ 49. Kc5 Rd3 50. Kc6 Ke6 51. Rf4 f5 52. Rxf5 h5
53. Rxh5 Rxf3 54. c5 f6 55. Kb7 Rb3+ 56. Kc7 Rb4 57. Rh4 Kf7 58. c6 Ke6 59. Kc8
Kd6 60. c7 Rc4 61. Rh7 Rxg4 62. Rf7 Ke6 63. Rf8 Rb4 64. Rd8 f5 65. Rd1 f4 66.
Rc1 Ke7 67. Re1+ Kf6 68. Rc1 Ke7 69. Rc3 Rb2 70. Rf3 Rb4 71. Rf1 Re4 72. Rb1
Rc4 73. Kb7 Kd6 74. c8=Q Rxc8 75. Kxc8 Ke5 76. Kd7 f3 77. Kc6 Ke4 78. Kc5 f2
79. Kc4 Ke3 80. Rh1 Ke2 81. Rh2 Kf3 82. Rxf2+ Kxf2 1/2-1/2

[Event "Lliga Catalana eq. DH"]
[Site "?"]
[Date "2014.02.08"]
[Round "3.2"]
[White "Ayza Leon, D."]
[Black "Rizouk, A."]
[Result "0-1"]
[WhiteElo "2302"]
[BlackElo "2534"]
[PlyCount "68"]
[EventDate "2014.??.??"]
[EventType "team"]
[EventCountry "ESP"]

1. e4 e5 2. Nf3 Nc6 3. Bb5 Nf6 4. O-O Nxe4 5. d4 Nd6 6. Bxc6 dxc6 7. dxe5 Nf5
8. Qxd8+ Kxd8 9. Nc3 Bd7 10. Bf4 h6 11. h4 Kc8 12. Ne4 b6 13. Rfd1 Be6 14. Nd4
Nxd4 15. Rxd4 Kb7 16. Rad1 Be7 17. Rd7 Rhe8 18. R7d4 Bxh4 19. b3 c5 20. R4d2 c4
21. bxc4 Rad8 22. c5 Rxd2 23. Rxd2 Rd8 24. cxb6 axb6 25. Rxd8 Bxd8 26. Nd2 Bxa2
27. Kf1 Kc6 28. Ke2 Be6 29. Bh2 Kd5 30. Ke3 b5 31. f3 c5 32. g4 c4 33. Ne4 b4
34. Kd2 Bxg4 0-1

[Event "Lliga Catalana eq. DH"]
[Site "?"]
[Date "2014.02.08"]
[Round "3.2"]
[White "Fluvia Poyatos, Joan"]
[Black "Cruz Estrada, F."]
[Result "1-0"]
[WhiteElo "2554"]
[BlackElo "2486"]
[PlyCount "65"]
[EventDate "2014.??.??"]
[EventType "team"]
[EventCountry "ESP"]

1. e4 c5 2. Nf3 e6 3. d4 cxd4 4. Nxd4 a6 5. Bd3 Nf6 6. O-O Qc7 7. Kh1 Bc5 8.
Nb3 Ba7 9. f4 h5 10. e5 Ng4 11. Nc3 d5 12. exd6 Qxd6 13. Ne4 Qc7 14. c4 Nd7 15.
Bd2 Ndf6 16. c5 Nxe4 17. Bxe4 Bd7 18. Ba5 Qc8 19. Qd4 Nf6 20. Rae1 O-O 21. Bb1
Bc6 22. Re5 Qd7 23. Qc3 Rac8 24. Rg5 Qe7 25. Qg3 Ne8 26. Re1 Qd7 27. Bc3 f6 28.
Rxh5 f5 29. Rg5 Bd5 30. Nd4 Rc7 31. b4 b6 32. c6 Qf7 33. Nxf5 1-0

[Event "Lliga Catalana eq. DH"]
[Site "?"]
[Date "2014.02.08"]
[Round "3.2"]
[White "Gonzalez Perez, A."]
[Black "Beltran Rueda, S."]
[Result "1-0"]
[WhiteElo "2567"]
[BlackElo "2455"]
[PlyCount "69"]
[EventDate "2014.??.??"]
[EventType "team"]
[EventCountry "ESP"]

1. e4 c5 2. Nf3 e6 3. d3 d5 4. Qe2 Nf6 5. g3 Nc6 6. Bg2 Be7 7. O-O b6 8. e5 Nd7
9. c4 d4 10. Nfd2 Bb7 11. f4 Qc7 12. Na3 a6 13. Ne4 O-O-O 14. Nc2 Rde8 15. a3
h5 16. h4 f5 17. exf6 gxf6 18. f5 e5 19. Bd2 Nd8 20. b4 Reg8 21. Kh2 Nf7 22. a4
Nh6 23. Bxh6 Rxh6 24. a5 bxa5 25. bxc5 Rh7 26. Rfb1 Bc6 27. Nd6+ Bxd6 28. cxd6
Qxd6 29. Bxc6 Qxc6 30. Rxa5 Nc5 31. Nb4 Qd6 32. Nxa6 Nxa6 33. c5 Qd5 34. Rxa6
Rhg7 35. Qb2 1-0

[Event "Lliga Catalana eq. DH"]
[Site "?"]
[Date "2014.02.08"]
[Round "3.2"]
[White "Gonzalez Rodriguez, JA."]
[Black "Valdes Romero, L."]
[Result "0-1"]
[WhiteElo "2398"]
[BlackElo "2404"]
[PlyCount "132"]
[EventDate "2014.??.??"]
[EventType "team"]
[EventCountry "ESP"]

1. b3 Nf6 2. Bb2 g6 3. Bxf6 exf6 4. d4 f5 5. e3 h5 6. h4 Bh6 7. g3 d6 8. c4 Nd7
9. Nc3 O-O 10. Bg2 Nf6 11. Nge2 c6 12. Qd3 Ng4 13. Nf4 Re8 14. Bf3 Bd7 15. Kf1
a6 16. Kg2 b5 17. cxb5 axb5 18. a4 bxa4 19. bxa4 Ra5 20. Rhb1 d5 21. Rb7 Bc8
22. Rb8 Nf6 23. Qc2 Bf8 24. Nce2 Bd6 25. Rb2 Bd7 26. Nc1 Ne4 27. Nb3 Ra7 28. a5
Qe7 29. Rba2 Rea8 30. a6 Bb4 31. Nd3 Bd6 32. Nf4 Bb4 33. Nd3 Bd6 34. Nbc5 Be8
35. Bxe4 fxe4 36. Nf4 Bxc5 37. Qxc5 Qxc5 38. dxc5 Bd7 39. Ne2 Kf8 40. Nd4 Ke7
41. f3 Kd8 42. Kf2 Kc7 43. g4 hxg4 44. fxg4 Bxg4 45. Kg3 Bd7 46. Rf2 Be8 47.
Rfa2 Kd8 48. Kf4 Ke7 49. Kg5 Bd7 50. Kf4 Kf6 51. Rb2 Rxa6 52. Rxa6 Rxa6 53. Rb6
Ra1 54. Kg3 Rf1 55. Kg2 Re1 56. Kf2 Rh1 57. Nxc6 Rh2+ 58. Kg3 Rh3+ 59. Kf2 Rxh4
60. Nd4+ Be6 61. c6 Rh2+ 62. Kg3 Rh3+ 63. Kg2 Rh8 64. Kg3 g5 65. c7 Rc8 66. Rc6
Ke7 $138 0-1

[Event "Lliga Catalana eq. DH"]
[Site "?"]
[Date "2014.02.08"]
[Round "3.2"]
[White "Muñoz Pantoja, M."]
[Black "Benet Catala, A."]
[Result "1/2-1/2"]
[WhiteElo "2559"]
[BlackElo "2329"]
[PlyCount "80"]
[EventDate "2014.??.??"]
[EventType "team"]
[EventCountry "ESP"]

1. e4 g6 2. g3 Bg7 3. Bg2 d6 4. Ne2 Nc6 5. d4 e5 6. c3 Nf6 7. O-O O-O 8. h3 Re8
9. d5 Ne7 10. c4 Nd7 11. Nbc3 f5 12. Be3 Nf6 13. exf5 Nxf5 14. Bg5 h6 15. Bxf6
Qxf6 16. Ne4 Qe7 17. Rc1 c5 18. dxc6 bxc6 19. g4 Nd4 20. Nxd4 exd4 21. c5 d5
22. Nd6 Rf8 23. Qa4 Bd7 24. Rce1 Qg5 25. f4 Rxf4 26. Bxd5+ Kh7 27. Bg2 Rxf1+
28. Rxf1 Qxc5 29. Ne4 Qe7 30. Qc4 Rf8 31. Rxf8 Qxf8 32. Nc5 Qd6 33. Nxd7 d3 34.
Qf7 d2 35. Bf3 d1=Q+ 36. Bxd1 Qxd1+ 37. Kf2 Qd2+ 38. Kf3 Qd3+ 39. Kf2 Qd2+ 40.
Kf3 Qd3+ 1/2-1/2

[Event "Lliga Catalana eq. DH"]
[Site "?"]
[Date "2014.02.08"]
[Round "3.2"]
[White "Trepat Herranz, J."]
[Black "Simonet Pons, M."]
[Result "1/2-1/2"]
[WhiteElo "2416"]
[BlackElo "2348"]
[PlyCount "90"]
[EventDate "2014.??.??"]
[EventType "team"]
[EventCountry "ESP"]

1. d4 Nf6 2. c4 e6 3. Nc3 c5 4. d5 exd5 5. cxd5 d6 6. Nf3 g6 7. Bf4 Bg7 8. h3
O-O 9. e3 Na6 10. Be2 Nc7 11. O-O Re8 12. a4 Rb8 13. Bh2 a6 14. a5 b5 15. axb6
Rxb6 16. Nd2 Bf8 17. Nc4 Rb4 18. b3 Ne4 19. Nxe4 Rxe4 20. Bf3 Re8 21. Na5 Qf6
22. Re1 Nb5 23. Rc1 Bf5 24. Rc4 Bg7 25. Nc6 Nc3 26. Rxc3 Qxc3 27. Nxb4 cxb4 28.
e4 Be5 29. Re3 Bxh2+ 30. Kxh2 Qe5+ 31. g3 Bd7 32. Bg2 Rc8 33. f4 Qb2 34. Re2
Qc1 35. Qxc1 Rxc1 36. e5 dxe5 37. fxe5 Bb5 38. Rd2 Kf8 39. d6 Ke8 40. Bd5 Re1
41. d7+ Bxd7 42. Bxf7+ Ke7 43. Bc4 Rxe5 44. Bxa6 Be6 45. Rd4 Bxb3 1/2-1/2

[Event "Lliga Catalana eq. DH"]
[Site "?"]
[Date "2014.02.08"]
[Round "3.2"]
[White "Vehi Bach, VM."]
[Black "Delorme, Axel"]
[Result "0-1"]
[WhiteElo "2479"]
[BlackElo "2381"]
[PlyCount "70"]
[EventDate "2014.??.??"]
[EventType "team"]
[EventCountry "ESP"]

1. e4 e5 2. Nf3 Nc6 3. Nc3 Nf6 4. Bb5 d6 5. d4 Bd7 6. O-O exd4 7. Nxd4 Be7 8.
Re1 O-O 9. Bf1 Re8 10. h3 Bf8 11. Bf4 Ne5 12. g4 g6 13. Bg3 Bg7 14. f4 Nexg4
15. hxg4 Bxg4 16. Qd2 Nh5 17. Bh2 c6 18. Nb3 b5 19. Bg2 a5 20. a4 b4 21. Nd1
Bh6 22. Nf2 Qh4 23. Rf1 Be6 24. Nh1 Bc4 25. Rf2 d5 26. Re1 dxe4 27. Rxe4 Rxe4
28. Bxe4 Rd8 29. Bd3 Bd5 30. Qe3 Qg4+ 31. Ng3 Nxf4 32. Rxf4 Bxf4 33. Qe7 Bg5
34. Qe2 Bf3 35. Qe1 h5 0-1

[Event "Lliga Catalana eq. DH"]
[Site "?"]
[Date "2014.02.08"]
[Round "3.3"]
[White "Alonso Moyano, J."]
[Black "Capellades Subirana, M."]
[Result "1/2-1/2"]
[WhiteElo "2454"]
[BlackElo "2290"]
[PlyCount "115"]
[EventDate "2014.??.??"]
[EventType "team"]
[EventCountry "ESP"]

1. e4 e5 2. Nc3 Bc5 3. g3 Ne7 4. Nf3 Nbc6 5. Na4 d6 6. Bg2 Bg4 7. h3 Bd7 8.
Nxc5 dxc5 9. O-O Ng6 10. c3 Be6 11. d3 f6 12. Be3 b6 13. Qc2 Qd7 14. Kh2 O-O
15. Rad1 Qf7 16. b3 a5 17. d4 cxd4 18. cxd4 exd4 19. Nxd4 Nxd4 20. Rxd4 a4 21.
Rxa4 Rxa4 22. bxa4 Bxa2 23. Rc1 c5 24. a5 Bb3 25. Qd2 bxa5 26. Bxc5 Ra8 27. e5
Re8 28. exf6 Qxf6 29. Qxa5 Bf7 30. Qa7 Nh4 31. Bd4 Nf3+ 32. Bxf3 Qxf3 33. Ba1
Qe4 34. Qd7 Rf8 35. Re1 Qb4 36. Rd1 Qc5 37. Bd4 Qc8 38. Qe7 Qe6 39. Qg5 Bg6 40.
Ra1 Qe2 41. Kg1 Qe4 42. Be3 h6 43. Qg4 Qxg4 44. hxg4 Be4 45. f4 Ra8 46. Rxa8+
Bxa8 47. Kf2 Bd5 48. f5 Kf7 49. Bd4 Bb3 50. Ke3 Bd1 51. Kf4 g5+ 52. fxg6+ Kxg6
53. Bc5 Be2 54. Be7 Bd1 55. g5 hxg5+ 56. Bxg5 Be2 57. g4 Bxg4 58. Kxg4 1/2-1/2

[Event "Lliga Catalana eq. DH"]
[Site "?"]
[Date "2014.02.08"]
[Round "3.3"]
[White "Asis Gargatagli, H."]
[Black "Gomez Jurado, LA."]
[Result "1-0"]
[WhiteElo "2514"]
[BlackElo "2365"]
[PlyCount "55"]
[EventDate "2014.??.??"]
[EventType "team"]
[EventCountry "ESP"]

1. e4 c6 2. d4 d5 3. f3 dxe4 4. fxe4 e5 5. Nf3 Be6 6. c3 Nf6 7. Bd3 Nbd7 8. O-O
Bd6 9. Kh1 h6 10. Be3 Qc7 11. Bg1 a6 12. a4 O-O-O 13. Nbd2 g5 14. b4 exd4 15.
Nxd4 h5 16. b5 Ng4 17. N2f3 Nc5 18. bxc6 bxc6 19. Rb1 Qa5 20. Nxc6 Qxc3 21.
Nxd8 Rxd8 22. Bxc5 Bxc5 23. Bxa6+ Kc7 24. Rb7+ Kc6 25. Qxd8 Nf2+ 26. Rxf2 Qc1+
27. Ng1 Qxg1+ 28. Kxg1 1-0